00635nam a22002057a 450000500170000001000130001702000230003003500130005303700160006604000120008208200170009410000220011124500720013326000380020527000450024330000200028850000500030865000240035865000470038220170124110221.0 aA-944214 a8175240121c350.00 aA-944214 bCen Lib/Ret aDPLbEN a796.196bLAU aSuresh Kumar Lau  aPhysical education for handicapped children /cby Suresh Kumar Lau  aDelhibKhel Sahitya Kendra c1998 ashiv market. ashok vihar bDelhie110052 a169p.c21cm(Hb) aIncludes appendix, bibliographical references aPhysical education  aPhysical education programme xHandicapped